01963 a2200193 45000010006000000050017000060080041000230030015000640400040000790800084001192450067002032500012002702640039002823000019003215051362003400410008017021000026017107000033017365433220260407155815.0260407a1970 arg spa dAR-UNSa-BCEJYS aAR-UNSa-BCEJYSbspacAR-UNSa-BCEJYS a338.1xSituación económica. Ciclos. Desarrollo de la estructura económica10aEstructura económicapTeoría básica y estructura mundial a2a. ed. 1aBarcelona :bEdiciones Arielc1970 a651 p.c23 cm. a1. la visón estructural en economía - 2. Las fuentes de la estructura económica - 3. El moderno estructuralismo - 4. Los componentes de la realidad económica - 5. El análisis cuantitativo - 6. El análisis intersectorial - 7. Aplicaciones estructurales del modelo de Leontief - 8. El análisis macroeconómico de la realidad - 9. Aplicaciones estructurales de contabilidad - 10. La renta y el análisis estructural - 11. Resultados finales del análisis cuantitativo - 12. La visión global de la realidad económica - 13. La actividad económica como realidad social - 14. Estructura y desarrollo - 15. Los sistemas económicos - 16. Conclusiones sobre el análisis estructural - 17. Introducción panorámica a la economía mundial - 18. Componentes objetivos de la estructura mundial - 19. Técnica y organización - 20. Componnetes demográficos - 21. Estructura espacial de la economía mundial - 22. La estructura del consumo - 23. La actividad productiva - 24. La modernización d elas actividades primitivas - 25. La actividad ganadera - 26. La estructura agraria - 27. Tipología y localización de la agricultura mundial - 28. La minería industrial - 29. La energía - 30. Estructura industrial - 31. Tipología y localización de la industria - 32. Estructura de las comunicaciones - 33. El intercambio mundial aspa1 aSampedro, José Luis1 aMartínez Cortiña, Rafael